00521nam a2200157 a 450000500170000000800410001702000180005805000230007610000180009924500460011726000320016330000090019544000250020499900190022995201150024820140412111223.0091205s19uu xx 00 eng d a0-545-00389-x aTR(PS EbMy99 2007 aParker, David aMy Best friend is moving /cDavid Parker. aU.S.A :bScholastic,c2007. aunp. aThe Best me I can be c101978d101978 001040aELbELcTRd2009-12-05eGiftg95.00l0oTR(PS E My99 2007pE0219r2014-04-12 00:00:00w2014-04-12yBK